[Event "2014: Blitz 《 THE FINAL SHOOT-OUT 》"]
[Site "SchemingMind.com"]
[Date "2015.01.23"]
[Round "-"]
[White "Kid A"]
[Black "emvarela"]
[Result "1/2-1/2"]
[WhiteCountry "FIN"]
[BlackCountry "ARG"]
[WhiteElo "1923"]
[WhiteRD "70"]
[BlackElo "1660"]
[BlackRD "50"]
[GameID "373395"]

1. e4 e5 2. Nf3 Nc6 3. Bc4 Bc5 4. b4 Bb6 5. a4 a5 6. b5 Nb4 7. Bb2 d6 8. c3 Bg4 9. cxb4 axb4 10. Bd5 Ra7
11. d4 Bxf3 12. Qxf3 Nf6 13. dxe5 Nxd5 14. exd5 dxe5 15. Qe4 O-O 16. O-O f6 17. Rd1 Qd6 18. Bc1 Bd4 19. Ra2 Rd8 20. Bd2 Qxd5
21. Qxd5+ Rxd5 22. Be3 c5 23. a5 Kf7 24. a6 bxa6 25. Rxa6 Rxa6 26. bxa6 Rd6 27. Bxd4 cxd4 28. Nd2 Rxa6 29. Nc4 b3 30. f4 Rc6
31. Na5 Rc3 32. fxe5 fxe5 33. Rb1 d3 34. Nxb3 e4 35. Kf2 Rc2+ 36. Ke3 Re2+ 37. Kd4 d2 38. Rd1 e3 39. Kd3 Re1 40. Kc2 Kf6
41. Nxd2 Rxd1 42. Kxd1=
1/2-1/2

[Event "2014: Blitz 《 THE FINAL SHOOT-OUT 》"]
[Site "SchemingMind.com"]
[Date "2015.01.20"]
[Round "-"]
[White "kenneth m day"]
[Black "Kid A"]
[Result "1-0"]
[WhiteCountry "USA"]
[BlackCountry "FIN"]
[WhiteElo "1698"]
[WhiteRD "51"]
[BlackElo "1969"]
[BlackRD "71"]
[GameID "373397"]

1. e4 e5 2. f4 d5 3. exd5 e4 4. d3 Nf6 5. dxe4 Nxe4 6. Nf3 Bc5 7. Qe2 Bf5 8. Nc3 Qe7 9. Be3 Nxc3 10. Bxc5 Nxe2
11. Bxe7 Nxf4 12. Ba3 Nd7 13. O-O-O Be4 14. Rd4 Bxf3 15. gxf3 Ng6 16. Re4+ Kd8 17. h4 h5 18. Bh3 Nf6 19. Rd4 Re8 20. Rhd1 Ne5
21. d6 c6 22. d7 Rh8 23. f4 Nf3 24. R4d3 Nxh4 25. Re1 Ng6 26. f5 Nh4 27. Be7+ Kc7 28. Bd6+ Kd8 29. Be7+ Kc7 30. Red1 Nd5
31. Bxh4
1-0

[Event "2014: Blitz 《 THE FINAL SHOOT-OUT 》"]
[Site "SchemingMind.com"]
[Date "2015.01.19"]
[Round "-"]
[White "Kid A"]
[Black "ray winteringham"]
[Result "1-0"]
[WhiteCountry "FIN"]
[BlackCountry "ENG"]
[WhiteElo "1973"]
[WhiteRD "74"]
[BlackElo "1478"]
[BlackRD "50"]
[GameID "373398"]

1. e4 c5 2. Nf3 Nc6 3. d4 cxd4 4. c3 dxc3 5. Nxc3 e6 6. Bc4 Bc5 7. O-O h6 8. Qe2 Nge7 9. Rd1 O-O 10. Bf4 Bb6
11. Nb5 a6 12. Nd6 Bc5 13. e5 f6 14. exf6 Rxf6 15. Ne4 Bxf2+ 16. Nxf2 Rxf4 17. Bxe6+ Kh8 18. Ne5 Nxe5 19. Qxe5 Rf6 20. Bc4 d6
21. Qe2 Bf5 22. Ne4 Bxe4 23. Qxe4 Qb6+ 24. Kh1 Qxb2 25. Qxe7 Rf2 26. Bd5 Raf8 27. Qxd6 Qxa1 28. Qxf8+ Rxf8 29. Rxa1 b6 30. a4 a5
31. Rb1 g5 32. Kg1 Rf6 33. g3 Kg7 34. Re1 Kf8 35. Kg2 Rd6 36. Bc4 Kg7 37. Kf3 Kf6 38. Re4 Kf5 39. g4+ Kf6 40. Ke3 Kg6
41. Re6+ Rxe6+ 42. Bxe6 Kf6 43. Bd7 Ke5 44. Kd3 Kd5 45. Kc3 Kc5 46. Be6 Kd6 47. Bg8 Kc5 48. Bf7 Kc6 49. Kc4 Kb7 50. Kd5 Kc7
51. Ke6 Kc6 52. Kf6 Kc5 53. Kg6 b5 54. axb5 a4 55. Kxh6 Kxb5 56. Kxg5 Kc5 57. h4
1-0

[Event "2014: Blitz 《 THE FINAL SHOOT-OUT 》"]
[Site "SchemingMind.com"]
[Date "2015.01.19"]
[Round "-"]
[White "Ramesh Panwar"]
[Black "Kid A"]
[Result "1-0"]
[WhiteCountry "IND"]
[BlackCountry "FIN"]
[WhiteElo "2302"]
[WhiteRD "50"]
[BlackElo "1973"]
[BlackRD "74"]
[GameID "373399"]

1. e4 d5 2. Nf3 e6 3. exd5 exd5 4. d4 Nf6 5. Bd3 Be7 6. Bf4 c6 7. O-O O-O 8. Nbd2 Bg4 9. c3 Nbd7 10. h3 Bh5
11. Re1 Re8 12. Qb3 Qb6 13. Nh4 Bg6 14. Nxg6 hxg6 15. g4 Bf8 16. Kg2 c5 17. Rxe8 Rxe8 18. Qxb6 axb6 19. Bb5 Re6 20. g5 Nh5
21. Bh2 Re7 22. Nf3 f6 23. h4 Kf7 24. Rd1 c4 25. b3 cxb3 26. axb3 Ke8 27. Ra1 Kf7 28. Ra7
1-0

[Event "2014: Blitz 《 THE FINAL SHOOT-OUT 》"]
[Site "SchemingMind.com"]
[Date "2015.01.19"]
[Round "-"]
[White "Kid A"]
[Black "Scooter"]
[Result "1-0"]
[WhiteCountry "FIN"]
[BlackCountry "USA"]
[WhiteElo "1973"]
[WhiteRD "74"]
[BlackElo "1778"]
[BlackRD "45"]
[GameID "373400"]

1. e4 c6 2. d4 d5 3. Nc3 dxe4 4. Nxe4 Bf5 5. Ng3 Bg6 6. Nf3 Nd7 7. h4 h6 8. h5 Bh7 9. Bd3 Bxd3 10. Qxd3 Qc7
11. Bd2 O-O-O 12. O-O-O Ngf6 13. Rh4 e6 14. Bf4 Bd6 15. Bxd6 Qxd6 16. Ne4 Qe7 17. Qe3 Nd5 18. Qe2 N7f6 19. Ne5 Nxe4 20. Rxe4 Nf6
21. Re3 Nd7 22. f4 Nxe5 23. Rxe5 Rd5 24. Qg4 Rxe5 25. Qxg7 Rxh5 26. Qxh8+ Qd8 27. Qxd8+ Kxd8 28. g4 Rh4 29. Rg1 Rh2 30. a3 Rf2
31. g5 hxg5 32. fxg5 Ke8 33. b4 b5 34. Kb2 Kf8 35. Kb3 Rf3+ 36. c3 Kg7 37. Kc2 Kg6 38. a4 a6 39. axb5 axb5 40. Ra1 Rf2+
41. Kb3 Kxg5 42. Ra6 f5 43. Rxc6 Re2 44. Rc5 Kg4 45. Rxb5 f4 46. Rb8 f3 47. Rf8 Re4 48. b5 Rf4 49. Rxf4+ Kxf4 50. b6 f2
51. b7 f1=Q 52. b8=Q+
1-0

[Event "2014: Blitz 《 THE FINAL SHOOT-OUT 》"]
[Site "SchemingMind.com"]
[Date "2015.01.21"]
[Round "-"]
[White "Goz"]
[Black "Kid A"]
[Result "0-1"]
[WhiteCountry "ENG"]
[BlackCountry "FIN"]
[WhiteElo "1596"]
[WhiteRD "67"]
[BlackElo "1969"]
[BlackRD "71"]
[GameID "373465"]

1. f4 d5 2. d3 Nf6 3. Nc3 c5 4. Bd2 Nc6 5. e3 e5 6. Qe2 Bg4 7. Nf3 e4 8. dxe4 dxe4 9. Nxe4 Nxe4 10. O-O-O Bd6
11. g3 Qe7 12. Qg2 Rd8 13. h3 Bxf3 14. Qxf3 O-O 15. Bg2 f5 16. g4 Nxd2 17. Rxd2 fxg4 18. Qxg4 Nd4 19. exd4 Bxf4 20. Qd1 Rxd4
21. Re1 Qxe1 22. Qxe1 Bxd2+ 23. Qxd2 Rxd2 24. Kxd2 Rf2+ 25. Kd3 Rxg2 26. b3 b5 27. a4 a6 28. c4 Rg3+ 29. Ke4 Rxb3 30. axb5 axb5
31. Kd5 bxc4 32. Kxc4 Rxh3 33. Kxc5 g5
0-1

[Event "2014: Blitz 《 THE FINAL SHOOT-OUT 》"]
[Site "SchemingMind.com"]
[Date "2015.01.21"]
[Round "-"]
[White "Goz"]
[Black "BigDoggProblem"]
[Result "0-1"]
[WhiteCountry "ENG"]
[BlackCountry "USA"]
[WhiteElo "1592"]
[WhiteRD "62"]
[BlackElo "1815"]
[BlackRD "70"]
[GameID "373466"]

1. f4 d5 2. Nf3 c5 3. d4 Nc6 4. dxc5 Qa5+ 5. Nc3 Qxc5 6. e4 dxe4 7. Nxe4 Qb4+ 8. Nc3 Bf5 9. Bd3 Rd8 10. a3 Qa5
11. Qe2 Bxd3 12. cxd3 e6 13. O-O Bc5+ 14. Be3 Bxe3+ 15. Qxe3 Nge7 16. Rfd1 O-O 17. b4 Qb6 18. d4 Nf5 19. Qf2 Nfxd4 20. Kh1 Nxf3
21. Qxf3 Rxd1+ 22. Rxd1 Rd8 23. h3 Rxd1+ 24. Qxd1 Qd8 25. Qf3 Qd4 26. Kh2 h6 27. Na4 g5 28. fxg5 Qe5+ 29. Qg3 hxg5 30. Qxe5 Nxe5
31. Nc5 b6 32. Ne4 g4 33. h4 Kg7 34. g3 Nc4 35. a4 a5 36. b5 Nb2 37. Nc3 f5 38. Kg2 Nd3 39. Kf1 Nc5 40. Ke2 Kf6
41. Ke3 Nd7 42. Kd4 Ne5 43. Ke3 Ng6 44. Ne2 e5 45. Nc3 f4+ 46. Kf2 Ne7 47. Ne4+ Kf5 48. Nd6+ Ke6 49. Nc4 Nd5 50. h5 f3
51. Ne3 Nxe3 52. Kxe3 Kf5 53. h6 Kg6 54. h7 Kxh7 55. Ke4 f2 56. Kxe5 f1=Q 57. Kd6 Qc4
0-1

[Event "2014: Blitz 《 THE FINAL SHOOT-OUT 》"]
[Site "SchemingMind.com"]
[Date "2015.01.21"]
[Round "-"]
[White "bfrozen"]
[Black "Goz"]
[Result "1-0"]
[WhiteCountry "FIN"]
[BlackCountry "ENG"]
[WhiteElo "1571"]
[WhiteRD "114"]
[BlackElo "1596"]
[BlackRD "67"]
[GameID "373467"]

1. e4 e5 2. Nf3 d6 3. d4 Nc6 4. Bb5 Bd7 5. Nc3 Nf6 6. O-O a6 7. Bc4 Na7 8. Ng5 Be6 9. Bxe6 fxe6 10. Nxe6 Qe7
11. d5 c6 12. Ng5 h6 13. Nf3 Qf7 14. Na4 Nd7 15. Be3 c5 16. Nh4 Be7 17. Nf5 Bf6 18. Nxd6+ Ke7 19. Nxf7 Kxf7 20. Nxc5 Nxc5
21. Bxc5 Nb5 22. d6 Nxd6 23. Qxd6 Rac8 24. Qd5+ Kg6 25. b4 b6 26. Be7 Rxc2 27. Bxf6 gxf6 28. f4 exf4 29. Rxf4 Rf8 30. Rg4+
1-0

[Event "2014: Blitz 《 THE FINAL SHOOT-OUT 》"]
[Site "SchemingMind.com"]
[Date "2015.01.21"]
[Round "-"]
[White "Goz"]
[Black "marcferrand"]
[Result "1-0"]
[WhiteCountry "ENG"]
[BlackCountry "FRA"]
[WhiteElo "1592"]
[WhiteRD "62"]
[BlackElo "1270"]
[BlackRD "158"]
[GameID "373468"]

1. d4 d5 2. Nc3 Nf6 3. Bg5 Nc6 4. Bxf6 exf6 5. e3 Bf5 6. Bd3 Qd7 7. Bxf5 Qxf5 8. Nb5 O-O-O 9. Ne2 a6 10. Nbc3 g5
11. Ng3 Qe6 12. O-O h5 13. a3 f5 14. Nxh5 g4 15. Nf4 Qh6 16. h3 Be7 17. Nce2 Rde8 18. f3 Rd8 19. fxg4 Rdg8 20. Rf3 fxg4
21. Rg3 Bf6 22. Nc3 gxh3 23. Rxh3 Bh4 24. Qf3 Ne7 25. Nce2 Rg5 26. Kh2 Rhg8 27. Rg1 b6 28. g3 Rxg3 29. Nxg3 c5 30. c3 cxd4
31. cxd4 a5 32. Rg2 a4 33. Qh5 Qxh5 34. Nfxh5 Bg5 35. Nf1 f5 36. Nf4 b5 37. Rh5 Nc6 38. Rgxg5 Rxg5 39. Rxg5 Na5 40. Nd3 Nb3
41. Rxf5 Na1 42. Rxd5 b4 43. Nxb4 Kc7 44. Ra5 Nc2 45. Nxc2 Kd6 46. Rxa4
1-0

[Event "2014: Blitz 《 THE FINAL SHOOT-OUT 》"]
[Site "SchemingMind.com"]
[Date "2015.01.23"]
[Round "-"]
[White "Goz"]
[Black "emvarela"]
[Result "1-0"]
[WhiteCountry "ENG"]
[BlackCountry "ARG"]
[WhiteElo "1592"]
[WhiteRD "62"]
[BlackElo "1660"]
[BlackRD "50"]
[GameID "373469"]

1. d4 Nf6 2. d5 e5 3. dxe6 fxe6 4. Bd2 Nc6 5. g3 g6 6. Bg2 Bg7 7. e4 O-O 8. Ne2 d6 9. O-O d5 10. exd5 exd5
11. c3 Be6 12. a4 Ne5 13. b3 c6 14. Nd4 Bd7 15. Bf4 Ne4 16. Qe2 c5 17. Nb5 Bxb5 18. axb5 Qf6 19. Bxe4 dxe4 20. Qxe4 Rae8
21. Qxb7 Re7 22. Qd5+ Kh8 23. Nd2 Nd7 24. c4 Qd4 25. Rxa7 Qxd5 26. cxd5 Rfe8 27. d6 Rf7 28. Nc4 Kg8 29. Ra6 Bd4 30. b6 Ne5
31. Na5 Nf3+ 32. Kg2 Ne1+ 33. Kh3 Nf3 34. b7 g5 35. Bc1 h5 36. Ra8 Rff8 37. Rxe8 g4+ 38. Kg2 Rxe8 39. Nc6 h4 40. b8=Q h3+
41. Kh1 Rxb8 42. Nxb8
1-0

[Event "2014: Blitz 《 THE FINAL SHOOT-OUT 》"]
[Site "SchemingMind.com"]
[Date "2015.01.21"]
[Round "-"]
[White "ray winteringham"]
[Black "Goz"]
[Result "0-1"]
[WhiteCountry "ENG"]
[BlackCountry "ENG"]
[WhiteElo "1486"]
[WhiteRD "52"]
[BlackElo "1596"]
[BlackRD "67"]
[GameID "373470"]

1. e4 e5 2. Nf3 d6 3. Be2 Nf6 4. d3 h6 5. O-O Be7 6. Be3 O-O 7. h3 c5 8. c4 Bd7 9. Nc3 a6 10. a3 b5
11. b3 Bc6 12. a4 b4 13. Na2 a5 14. Qd2 Na6 15. Nh4 Nc7 16. Nf5 Kh8 17. Nc1 Nh7 18. f4 f6 19. fxe5 dxe5 20. Bg4 Ne6
21. Bxh6 Rg8 22. Be3 g5 23. Nh6 Rg7 24. Bxe6 Be8 25. Bd5 Ra7 26. Bc6 Bd6 27. Bd5 Rg6 28. Nf5 Nf8 29. Qe2 Rh7 30. Qf2 Qd7
31. Ne2 Bf7 32. Bc6 Qxc6 33. Ne7 Bxe7 34. Ng3 Be6 35. Nf5 Bxf5 36. Qxf5 Qe6 37. Qf2 Qc8 38. Qg3 Ne6 39. Qg4 Rh4 40. Qe2 Nf4
41. Qd2 Nxh3+ 42. gxh3 Qxh3 43. Qg2 Qxe3+ 44. Qf2 Qxd3 45. Qf5 Qg3#
0-1

[Event "2014: Blitz 《 THE FINAL SHOOT-OUT 》"]
[Site "SchemingMind.com"]
[Date "2015.01.21"]
[Round "-"]
[White "Goz"]
[Black "Ramesh Panwar"]
[Result "0-1"]
[WhiteCountry "ENG"]
[BlackCountry "IND"]
[WhiteElo "1596"]
[WhiteRD "67"]
[BlackElo "2329"]
[BlackRD "52"]
[GameID "373471"]

1. d4 Nf6 2. c4 g6 3. b3 Bg7 4. Nc3 O-O 5. e4 d6 6. Bd3 c5 7. Nce2 cxd4 8. Nxd4 Ng4 9. Bb2 Qb6 10. h3 Nxf2
11. Qe2 Bxd4 12. Rh2 Nxd3+ 13. Qxd3 Bxb2 14. Ne2 Bxa1 15. g4 Be5 16. Rf2 Na6 17. Qb1 Qe3
0-1

[Event "2014: Blitz 《 THE FINAL SHOOT-OUT 》"]
[Site "SchemingMind.com"]
[Date "2015.01.21"]
[Round "-"]
[White "Scooter"]
[Black "Goz"]
[Result "0-1"]
[WhiteCountry "USA"]
[BlackCountry "ENG"]
[WhiteElo "1731"]
[WhiteRD "44"]
[BlackElo "1596"]
[BlackRD "67"]
[GameID "373473"]

1. d4 d5 2. Nf3 Bg4 3. Nbd2 e6 4. e3 Bd6 5. Be2 Nf6 6. O-O O-O 7. c4 c6 8. c5 Bc7 9. h3 Bh5 10. b4 b5
11. a4 a6 12. axb5 cxb5 13. Bxb5 a5 14. bxa5 Bxa5 15. Nb3 Nbd7 16. Nxa5 Rxa5 17. Rxa5 Qxa5 18. Bxd7 Nxd7 19. g4 Bg6 20. Bd2 Qa2
21. Qa1 Ra8 22. Qxa2 Rxa2 23. Rc1 Rc2 24. Ra1 f6 25. Ra8+ Kf7 26. Rc8 Be4 27. c6 Nb6 28. Rc7+ Kg6 29. Ba5 Nc4 30. Ne1 Rc1
31. Bb4 Nb6 32. Ba5 Nc4 33. Bc3 Rxc3
0-1

[Event "2014: Blitz 《 THE FINAL SHOOT-OUT 》"]
[Site "SchemingMind.com"]
[Date "2015.01.21"]
[Round "-"]
[White "kenneth m day"]
[Black "Goz"]
[Result "1/2-1/2"]
[WhiteCountry "USA"]
[BlackCountry "ENG"]
[WhiteElo "1730"]
[WhiteRD "50"]
[BlackElo "1592"]
[BlackRD "62"]
[GameID "373474"]

1. e4 c5 2. d4 cxd4 3. c3 dxc3 4. Nxc3 e5 5. Bc4 Bc5 6. Nf3 h6 7. O-O Nf6 8. Qe2 O-O 9. Nxe5 d5 10. exd5 Bd6
11. Bf4 Re8 12. Rfe1 Nbd7 13. Bb5 a6 14. Bxd7 Bxd7 15. Qd2 b5 16. a3 b4 17. axb4 Bxb4 18. Qd4 Bxc3 19. bxc3 Bf5 20. c4 a5
21. h3 Bc2 22. Ra2 Bb3 23. Raa1 a4 24. Ra3 Nh5 25. Bd2 Qd6 26. Raa1 a3 27. g4 Nf6 28. Rab1 Bxc4 29. Nxc4 Rxe1+ 30. Rxe1 Qxd5
31. Bc3 Qxd4 32. Bxd4 Nd5 33. Ra1 a2 34. Nd2 Nb4 35. Ne4 Nc2 36. Bb2 Nxa1 37. Bxa1 Ra3 38. Kg2 Rd3 39. Nc3 Rd2 40. Nxa2 Rxa2
41. Bd4 f6 42. Kg3 Kf7 43. Be3 g5 44. Kf3 Ra1 45. Bd4 Ra3+ 46. Be3 Ke6 47. Kg2 f5 48. Bc5 Ra8 49. Bb6 f4 50. Bc5 Ke5
51. Bb6 Ke4 52. Bc5 Kd5 53. Bb6 Rh8 54. Ba5 h5 55. Bd2 hxg4 56. hxg4 Ke4 57. f3+ Kd3 58. Ba5 Kd4=
1/2-1/2

[Event "2014: Blitz 《 THE FINAL SHOOT-OUT 》"]
[Site "SchemingMind.com"]
[Date "2015.01.24"]
[Round "-"]
[White "Phillip Beckett"]
[Black "Kid A"]
[Result "1/2-1/2"]
[WhiteCountry "ENG"]
[BlackCountry "FIN"]
[WhiteElo "1541"]
[WhiteRD "49"]
[BlackElo "1969"]
[BlackRD "71"]
[GameID "373658"]

1. e4 e5 2. Nf3 Nc6 3. Bb5 a6 4. Bxc6 dxc6 5. d4 exd4 6. Qxd4 Qxd4 7. Nxd4 Bd7 8. Be3 Nf6 9. f3 O-O-O 10. Nd2 Bc5
11. N2b3 Bb6 12. c3 h6 13. O-O-O Rhe8 14. Nc2 Be6 15. Bxb6 cxb6 16. Ncd4 Bxb3 17. Nxb3 Nd7 18. Nd4 Ne5 19. Nf5 Nd3+ 20. Kc2 Nf4
21. g3 Ne6 22. Rxd8+ Rxd8 23. Rd1 Rxd1 24. Kxd1 Kd7 25. Kd2 h5 26. Nd4 Ng5 27. Ke3 g6 28. f4 Ne6 29. Nxe6 Kxe6 30. Kd4 f6
31. b4 Kd6 32. h4 c5+ 33. Kc4 b5+ 34. Kd3 b6 35. a3 Ke6=
1/2-1/2

[Event "2014: Blitz 《 THE FINAL SHOOT-OUT 》"]
[Site "SchemingMind.com"]
[Date "2015.01.25"]
[Round "-"]
[White "Phillip Beckett"]
[Black "BigDoggProblem"]
[Result "0-1"]
[WhiteCountry "ENG"]
[BlackCountry "USA"]
[WhiteElo "1541"]
[WhiteRD "49"]
[BlackElo "1810"]
[BlackRD "63"]
[GameID "373659"]

1. e4 c5 2. Nf3 e6 3. d4 cxd4 4. Nxd4 Nc6 5. Nb5 d5 6. exd5 Qa5+ 7. N1c3 a6 8. dxc6 axb5 9. Bd2 bxc6 10. Nxb5 Qd8
11. Nc3 Nf6 12. Be2 Be7 13. O-O O-O 14. Bf3 Qb6 15. b3 Nd5 16. Nxd5 exd5 17. Be3 Qc7 18. g3 Bh3 19. Bg2 Bxg2 20. Kxg2 Ra3
21. Qc1 Rfa8 22. c4 Bf6 23. Rb1 d4 24. Bf4 Qb7 25. Rb2 c5+ 26. Kg1 Rxa2 27. Rxa2 Rxa2 28. Bd6 Qb6 29. Qf4 Ra3 30. Re1 h6
31. Re8+ Kh7 32. Qf5+ g6 33. Qxf6 Ra1+ 34. Kg2 Qb7+ 35. Kh3 Qd7+ 36. Kg2 Qxe8 37. Be5 Qg8 38. h4 Ra8 39. g4 Re8 40. g5 Re6
41. Qf4 Qe8 42. gxh6 Rxe5 43. Qf6 Kxh6
0-1

[Event "2014: Blitz 《 THE FINAL SHOOT-OUT 》"]
[Site "SchemingMind.com"]
[Date "2015.01.24"]
[Round "-"]
[White "bfrozen"]
[Black "Phillip Beckett"]
[Result "0-1"]
[WhiteCountry "FIN"]
[BlackCountry "ENG"]
[WhiteElo "1571"]
[WhiteRD "114"]
[BlackElo "1541"]
[BlackRD "49"]
[GameID "373660"]

1. e4 e5 2. Nf3 Nc6 3. d4 exd4 4. Nxd4 Bc5 5. Be3 Qf6 6. c3 Nge7 7. Bc4 Nxd4 8. cxd4 Bb4+ 9. Nc3 d6 10. O-O O-O
11. Nd5 Nxd5 12. Bxd5 c6 13. Bc4 Be6 14. Qb3 Bxc4 15. Qxc4 Ba5 16. f4 Bb6 17. e5 dxe5 18. fxe5 Qe6 19. Qd3 Rad8 20. a4 Qxe5
21. Rf5 Qxe3+ 22. Qxe3 Bxd4 23. Re1 Rfe8 24. Rf3 Rxe3 25. Rfxe3 Re8 26. Kf2 Rxe3 27. Rxe3 Kf8 28. Kf3 Bxe3 29. Kxe3 Ke7 30. Kd4 Kd6
31. b4 b6 32. Kc4 f5 33. Kd4 g5 34. g3 f4 35. gxf4 gxf4 36. Ke4 f3 37. Kxf3 c5 38. bxc5+ Kxc5
0-1

[Event "2014: Blitz 《 THE FINAL SHOOT-OUT 》"]
[Site "SchemingMind.com"]
[Date "2015.01.25"]
[Round "-"]
[White "marcferrand"]
[Black "Phillip Beckett"]
[Result "0-1"]
[WhiteCountry "FRA"]
[BlackCountry "ENG"]
[WhiteElo "1270"]
[WhiteRD "158"]
[BlackElo "1566"]
[BlackRD "46"]
[GameID "373661"]

1. e4 e5 2. Bc4 Nf6 3. d3 Be7 4. a3 d6 5. f4 exf4 6. Bxf4 O-O 7. Nf3 Nbd7 8. O-O Nb6 9. Nbd2 Nxc4 10. Nxc4 Be6
11. h3 Nh5 12. Bh2 Nf6 13. e5 dxe5 14. Nfxe5 Bxc4 15. Nxc4 c6 16. b4 b5 17. Ne5 Bd6 18. Qe2 Re8 19. d4 Nd5 20. Rxf7 Bxe5
21. Bxe5 Kxf7 22. Rf1+ Kg8 23. Rf5 Nc3 24. Qf2 Rf8 25. g3 Rxf5 26. Qxf5 Qf8 27. Qd3 Nd5 28. a4 a6 29. c4 bxc4 30. Qxc4 Qf3
31. Qxc6 Qe3+ 32. Kf1 Rf8+ 33. Bf4 Rxf4+ 34. gxf4 Qf3+ 35. Kg1 Qg3+ 36. Kh1 Qxh3+ 37. Kg1 Qg4+ 38. Kf2 Qxf4+ 39. Kg2 Ne3+ 40. Kh1 Qf1+
41. Kh2 Qf4+ 42. Kg1 Qg3+ 43. Kh1 Qh4+ 44. Kg1 Qg5+ 45. Kf2 Ng4+ 46. Kg3 Ne5+ 47. Kf2 Nxc6 48. b5 Qf4+ 49. Kg2 axb5 50. axb5 Nxd4
51. b6 Qf3+ 52. Kh2 Qf2+ 53. Kh3 Nf5 54. Kg4 h5+ 55. Kg5 Qxb6 56. Kxf5 Qf6+ 57. Ke4 h4 58. Kd5 h3 59. Ke4 h2 60. Kd3 h1=Q
61. Kc4 Qhc6+
0-1

[Event "2014: Blitz 《 THE FINAL SHOOT-OUT 》"]
[Site "SchemingMind.com"]
[Date "2015.01.26"]
[Round "-"]
[White "emvarela"]
[Black "Phillip Beckett"]
[Result "0-1"]
[WhiteCountry "ARG"]
[BlackCountry "ENG"]
[WhiteElo "1660"]
[WhiteRD "50"]
[BlackElo "1566"]
[BlackRD "46"]
[GameID "373662"]

1. e4 e5 2. Nf3 Nc6 3. d4 exd4 4. c3 d3 5. Bxd3 d6 6. O-O Nf6 7. Bg5 Be7 8. Nbd2 h6 9. Bxf6 Bxf6 10. Re1 O-O
11. Qc2 Re8 12. Rad1 Ne5 13. Nxe5 Bxe5 14. Nc4 Qf6 15. Nxe5 Qxe5 16. g3 Bg4 17. Rd2 Bf3 18. Bf1 f5 19. Bg2 Bxg2 20. Kxg2 fxe4
21. Qb3+ Qe6 22. Qxe6+ Rxe6 23. Rde2 Rae8 24. f3 exf3+ 25. Kxf3 Rxe2 26. Rxe2 Rxe2 27. Kxe2 Kf7 28. Ke3 g5 29. Ke4 Ke6 30. b4 c6
31. c4 d5+ 32. cxd5+ cxd5+ 33. Kd4 Kd6 34. a4 h5 35. h3 b6 36. a5 bxa5 37. bxa5 a6
0-1

[Event "2014: Blitz 《 THE FINAL SHOOT-OUT 》"]
[Site "SchemingMind.com"]
[Date "2015.01.27"]
[Round "-"]
[White "Phillip Beckett"]
[Black "Goz"]
[Result "1-0"]
[WhiteCountry "ENG"]
[BlackCountry "ENG"]
[WhiteElo "1541"]
[WhiteRD "49"]
[BlackElo "1596"]
[BlackRD "67"]
[GameID "373663"]

1. e4 e5 2. Nf3 d6 3. d4 exd4 4. Nxd4 c5 5. Nf3 h6 6. Bb5+ Bd7 7. Nc3 a6 8. Bxd7+ Qxd7 9. O-O Ne7 10. Re1 Ng6
11. e5 Be7 12. exd6 O-O 13. dxe7 Nxe7 14. Qxd7 Nxd7 15. Rxe7 Rad8 16. Bf4 b5 17. Rd1 Nb6 18. Rxd8 Rxd8 19. Bc7 Rd7 20. Rxd7 Nxd7
21. Bd6 c4 22. Ne5 Nf6 23. f3 Ne8 24. Be7 f6 25. Nd7 Kf7 26. Bd8 Nd6 27. Nb8 Ke8 28. Bc7 b4 29. Nd5 Nb5 30. Ba5 Nd4
31. Nxb4 Ke7 32. N8c6+ Nxc6 33. Nxc6+ Kd6 34. Nb4 Kc5 35. c3 Kb5 36. Bd8 a5 37. Nd5 a4 38. Be7 Kc6 39. Nb4+ Kd7 40. Bf8 g5
41. Bxh6 Ke7 42. Nd5+
1-0

[Event "2014: Blitz 《 THE FINAL SHOOT-OUT 》"]
[Site "SchemingMind.com"]
[Date "2015.01.24"]
[Round "-"]
[White "Phillip Beckett"]
[Black "kenneth m day"]
[Result "0-1"]
[WhiteCountry "ENG"]
[BlackCountry "USA"]
[WhiteElo "1541"]
[WhiteRD "49"]
[BlackElo "1698"]
[BlackRD "51"]
[GameID "373665"]

1. e4 e5 2. Nf3 Nc6 3. Bb5 f5 4. Bxc6 dxc6 5. Nxe5 Nf6 6. exf5 Bxf5 7. Qe2 Be7 8. O-O O-O 9. Qc4+ Qd5 10. Qxd5+ cxd5
11. d3 Bd6 12. Nf3 Rae8 13. Be3 b6 14. Nbd2 Ng4 15. Bg5 h6 16. Bh4 Re2 17. Rae1 Rfe8 18. Rxe2 Rxe2 19. Re1 Rxe1+ 20. Nxe1 Bxh2+
21. Kh1 Bd6 22. Nef3 g5 23. Bg3 Bxg3 24. fxg3 Nf2+ 25. Kg1 Nd1 26. b3 Ne3 27. c4 d4 28. Ne1 Kf7 29. Ndf3 c5 30. Kf2 Kf6
31. Nd2 Nd1+ 32. Ke2 Nc3+ 33. Kf3 Nxa2 34. Ne4+ Ke5 35. Nf2 Nc3 36. g4 Be6 37. g3 Nb1 38. Nc2 Nd2+
0-1

[Event "2014: Blitz 《 THE FINAL SHOOT-OUT 》"]
[Site "SchemingMind.com"]
[Date "2015.01.24"]
[Round "-"]
[White "ray winteringham"]
[Black "Phillip Beckett"]
[Result "0-1"]
[WhiteCountry "ENG"]
[BlackCountry "ENG"]
[WhiteElo "1478"]
[WhiteRD "50"]
[BlackElo "1527"]
[BlackRD "49"]
[GameID "373666"]

1. e4 e5 2. Nf3 Nc6 3. Be2 Nf6 4. d3 Be7 5. O-O d6 6. Be3 O-O 7. h3 h6 8. c4 Be6 9. Nc3 Nh7 10. a3 f5
11. Bd2 fxe4 12. Nxe4 Nf6 13. Nc3 Qe8 14. b4 a6 15. Qc2 Qd7 16. Be3 Nh5 17. Nxe5 Nxe5 18. Bxh5 Bxh3 19. gxh3 Qxh3 20. Be2 Nf3+
21. Bxf3 Rxf3 22. Ne4 Bh4 23. Ng3 Raf8 24. d4 Bxg3 25. fxg3 Rxf1+ 26. Rxf1 Rxf1#
0-1

[Event "2014: Blitz 《 THE FINAL SHOOT-OUT 》"]
[Site "SchemingMind.com"]
[Date "2015.01.25"]
[Round "-"]
[White "Phillip Beckett"]
[Black "Ramesh Panwar"]
[Result "0-1"]
[WhiteCountry "ENG"]
[BlackCountry "IND"]
[WhiteElo "1527"]
[WhiteRD "49"]
[BlackElo "2302"]
[BlackRD "50"]
[GameID "373667"]

1. e4 e5 2. Nf3 Nc6 3. Bb5 Nf6 4. d3 d6 5. h3 Be7 6. c3 a6 7. Ba4 b5 8. Bb3 O-O 9. O-O Na5 10. Bc2 c5
11. Nbd2 Nc6 12. Re1 Be6 13. Nf1 Qd7 14. Ng3 Qc7 15. a4 h6 16. axb5 axb5 17. Be3 d5 18. exd5 Rxa1 19. Qxa1 Nxd5 20. Bd2 Rd8
21. Ne4 f5 22. Ng3 Nb6 23. Qc1 f4 24. Ne4 Bf7 25. b4 cxb4 26. cxb4 Nxb4 27. Bxb4 Bxb4 28. Ned2 Rc8 29. Rxe5 Nd5 30. d4 Qxc2
31. Qxc2 Rxc2
0-1

[Event "2014: Blitz 《 THE FINAL SHOOT-OUT 》"]
[Site "SchemingMind.com"]
[Date "2015.01.25"]
[Round "-"]
[White "Scooter"]
[Black "Phillip Beckett"]
[Result "1-0"]
[WhiteCountry "USA"]
[BlackCountry "ENG"]
[WhiteElo "1778"]
[WhiteRD "45"]
[BlackElo "1527"]
[BlackRD "49"]
[GameID "373668"]

1. d4 d5 2. Nf3 Nf6 3. Bf4 e6 4. e3 c5 5. c3 Nc6 6. Bb5 Qb6 7. Bxc6+ bxc6 8. b3 cxd4 9. cxd4 Bd7 10. O-O Rc8
11. Nbd2 Be7 12. Rc1 O-O 13. Bg5 h6 14. Bh4 c5 15. Ne5 cxd4 16. Bxf6 Bxf6 17. Nxd7 Rxc1 18. Qxc1 Qd8 19. Nxf8
1-0

[Event "2014: Blitz 《 THE FINAL SHOOT-OUT 》"]
[Site "SchemingMind.com"]
[Date "2015.01.25"]
[Round "-"]
[White "Kid A"]
[Black "Transcendent"]
[Result "1-0"]
[WhiteCountry "FIN"]
[BlackCountry "ENG"]
[WhiteElo "1969"]
[WhiteRD "71"]
[BlackElo "1589"]
[BlackRD "69"]
[GameID "373688"]

1. e4 e6 2. d4 d5 3. Nc3 Bb4 4. e5 c5 5. a3 Bxc3+ 6. bxc3 Qa5 7. Bd2 Qa4 8. Qg4 g6 9. Ra2 c4 10. Nf3 Qb5
11. Ra1 Qb2 12. Rc1 Qxa3 13. Be2 Nc6 14. O-O Bd7 15. Qf4 O-O-O 16. Ng5 Rf8 17. Nxf7 Kb8 18. Rb1 Qe7 19. Nxh8 Rxf4 20. Bxf4 Qg7
21. Nxg6 hxg6 22. Bg5 Nh6 23. Rb2 Nf5 24. Rfb1 Bc8 25. Bg4 Qc7 26. Bf3 Qa5 27. Bd2 Ncxd4 28. cxd4
1-0

[Event "2014: Blitz 《 THE FINAL SHOOT-OUT 》"]
[Site "SchemingMind.com"]
[Date "2015.01.26"]
[Round "-"]
[White "BigDoggProblem"]
[Black "Transcendent"]
[Result "0-1"]
[WhiteCountry "USA"]
[BlackCountry "ENG"]
[WhiteElo "1810"]
[WhiteRD "63"]
[BlackElo "1589"]
[BlackRD "69"]
[GameID "373689"]

1. e4 e6 2. d4 d5 3. e5 c5 4. c3 Nc6 5. Nf3 Bd7 6. a3 Nge7 7. b4 cxd4 8. cxd4 Nf5 9. g4 Nfe7 10. Rg1 Ng6
11. Nc3 a6 12. Be3 Nh4 13. Nd2 Be7 14. Bd3 Rc8 15. f4 Nxe5 16. dxe5 Rxc3 17. Qe2 Qc8 18. Nf1 O-O 19. Ng3 Nf3+ 20. Qxf3 Rxd3
0-1